Région du monde de A à Z - Statistiques

Statistiques générales
  • Ce quiz a été pris 188 fois
  • Le résultat moyen est 15 sur 26
Statistiques - réponses
Lettre Indice Région % Correct
A Définitivement espagnole suite à la prise de Grenade. Andalousie
92%
G Les Etats-Unis voulait l'acheter mais le Danemark a refusé. Groënland
87%
N Lieu du débarquement et du camembert. Normandie
83%
Q Province où on peut insulter les gens en les traitant de tabernacle. Québec
81%
E Nation constitutive du Royaume-Uni libérée par William Wallace. Ecosse
78%
L "Home Sweet Home". - le père Noël Laponie
78%
O Région et chaine de montagne qui sépare l'Europe de l'Asie. Oural
74%
S Région asiatique froide remplie de goulags et de steppes. Sibérie
74%
M Etalée sur la Grèce, la Bulgarie, l'Albanie, la Serbie et les légumes. Macédoine
69%
W Amis belges de cette région, nous parlons la même langue. Une fois. Wallonie
69%
T Île-etat australienne. Tasmanie
67%
F Elle déborde sur la France et la Belgique tout en parlant un dialecte néerlandais. Flandres
66%
I Ce n'est pas du tout entouré d'eau mais ça se trouve bien dans l'hexagone. Ile-de-France
65%
Z Nouvelle en Océanie, normale aux Pays-Bas. Zélande
58%
J Péninsule danoise qui doit son nom à une tribu germanique voisine des angles et des saxons. Jutland
46%
V Son chef-lieu est Venise. Vénétie
41%
Y Comté britannique du nord, sa culture est mêlée à celle des vikings et du Danelaw. Yorkshire
41%
D Enjeu d'un conflit armée depuis 2014 entre la Russie et l'Ukraine. Donbass
40%
K Disputé entre l'Azerbaïdjan et l'Arménie, il est dit "Haut". Karabagh
40%
R Conglomérats de possessions britanniques en Afrique méridionale, elle se situe sur l'actuel Malawi, Zambie et Zimbabwe. Rhodésie
40%
B Région historique navarraise traversée par l'Adour. Rien à voir avec le Pays basque ... Béarn
37%
H Land allemand dont la capitale est Francfort-sur-le-Main. Hesse
35%
U Province nord-irlandaise comprenant l'Irlande du Nord, et une partie du nord de l'Irlande. Ulster
34%
C Divisée entre la Russie et la Finlande, elle sépare la mer Blanche du détroit de Finlande. Carélie
24%
P Elle fut disputée entre la Prusse et la Pologne avant de finir séparée entre les deux pays. Poméranie
22%
X Région autonome chinoise, peuplée notamment par les ouighours. Xinjiang
12%
Aucun quiz correspondant
Distribution des résultats
% des personnes avec chaque résultat
Percentile par nombre de réponses
Votre historique - résultats
Vous n’avez pas pris ce quiz